| 000 | 00915nam a22002055i 4500 | ||
|---|---|---|---|
| 001 | 162498 | ||
| 003 | ES-MaACL | ||
| 005 | 20250809031527.0 | ||
| 008 | 040805s1857 fr |||| | fre d | ||
| 040 |
_aCAM _bspa _cCAM |
||
| 100 | 1 |
_aPouget, Louis. _9131317 |
|
| 245 | 1 | 4 |
_aDes droits et des obligations des divers commisionnaires ou De la commission en matière d'achats et ventes ...: ouvrage suivi d'une table alphabetique de la matière et de jurisprudence / _cpar Louis Pouget. |
| 260 |
_aParis : _bAuguste Durand : _bGuillaumin et Cie., _c1857-1858 ( _ftyp. de E. et V. Penaud Frères) |
||
| 300 | _a4 v. (XVI, 559; XVI, 605; XXXII, 518; VIII, 835 p.) | ||
| 596 | _aLos t. I-II impresos en 1857 y los t. III-IV en 1858. | ||
| 650 | 0 | 7 |
_aDerecho mercantil _2embne _9135891 |
| 650 | 0 | 7 |
_aDerecho marítimo _2embne _911730 |
| 852 |
_aES-MaACL _jC-2978-81 _z-- Enc. hol. |
||
| 999 |
_c162498 _d162498 |
||